000 00696nam a2200289Ia 4500
005 20260324112214.0
008 008 260324s9999 xx 000 0 eng d
020 _a9781003467526
037 _aEBOOK
040 _aCRL
040 _beng
040 _cCRL
041 _2eng
041 _aeng
084 _qCRL
100 _aJason Price
_91122055
245 4 _aThe Art of Entertainment
245 0 _bPopular Performance in Modern British Art, 1880 to 1940
260 _bTaylor and Francis
260 _c2024
365 _a
365 _b230
856 _uhttp://www.taylorfrancis.com/books/9781003467526
942 _cEBOOK
999 _c1730852
_d1730852